Diagnóstico y lineamientos para la conformación de un modelo de atención tutorial en secundaria.

Guardado en:
Detalles Bibliográficos
Autor principal: Canales Rodríguez, Emma Leticia (autor)
Otros autores: Molina García, Amelia (autor) (autor), Velásquez Flores, Guadalupe (autor) (autor)
Formato: Libro
Idioma:Español
Colección:(Reseñas de investigación en educación básica; 31)
Temas:
Etiquetas: Agrega una etiqueta
Sin etiquetas, Sé el primero en etiquetar este registro!

MARC

LEADER 00000nam^a2200000^u^4500
001 000504792
005 20250521000000.0
008 081016s1000^^^^^^^^^^^^r^^^^^000^0^spa^d
009 20260310125920.41
022 |a 9789705700743 
035 |a FCE 000048997 
037 |a Acervo ITESO - Biblioteca 
041 |a spa 
082 0 4 |a 370.11072  |b RESe 31 
100 |a Canales Rodríguez, Emma Leticia  |e (autor) 
245 1 0 |a Diagnóstico y lineamientos para la conformación de un modelo de atención tutorial en secundaria. 
246 2 |a También se conoce como Programa de fomento a la investigación educativa. 
264 |a México:  |b SEP: CONACyT,  |c 2007. 
300 |a 29 p. 
336 |a texto  |b txt  |2 rdacontenido 
337 |a sin mediación  |b n  |2 rdamedio 
338 |a volumen  |b nc  |2 rdasoporte 
440 1 |a (Reseñas de investigación en educación básica; 31) 
649 |a XX 
650 |a Tutoría 
650 |a Atención 
650 |a Investigación educativa 
650 |a Tlaxcala, México 
650 |a Hidalgo, México 
700 |a Molina García, Amelia  |e (autor) 
700 |a Velásquez Flores, Guadalupe  |e (autor) 
910 |a Fondo Centro de Estudios Educativos 
920 |a Impresos - Libros 
930 |a Fondos Especiales 
905 |a 133 
901 |a ALE064442  |b IT2  |c CEE  |u 20250521 
902 |a https://opac.biblio.iteso.mx/vufind/Record/000504792